000 00470nam a22001937a 4500
003 OSt
005 20231031084809.0
008 231031b |||||||| |||| 00| 0 eng d
020 _a9041106359
040 _cDDC
082 _a652.8BAR 1998.
100 _abaker,A.Steward;
_916829
245 _aThe limits of Trust.
260 _aBoston,
_bKluwer Law;
_c1998.
300 _axviii,617p;
_bill,
_c24cm.
504 _aindex.
650 _2economics.
942 _2ddc
_cO_SHELF
999 _c8236
_d8236